Geography Multi-select #15 - Statistics

General Stats
  • This quiz has been taken 15 times
  • The average score is 70 of 90
Answer Stats
Question Tile Select % Correct
five of the largest islands on which Indonesia has territory. Borneo Yes
100%
countries with a coastline on the Bay (Gulf) of Biscay. Canada No
100%
countries with a coastline on the Bay (Gulf) of Biscay. France Yes
100%
five of the largest islands on which Indonesia has territory. Java Yes
100%
national capitals of a sovereign state whose English language name begins with “M.” Ljubljana No
100%
Angolan cities with a population greater than 150,000. Luanda Yes
100%
national capitals of a sovereign state whose English language name begins with “M.” Manila No
100%
sovereign states with at least one capital city whose name begins with “M.” North Korea No
100%
sovereign states with at least one capital city whose name begins with “M.” Norway No
100%
sovereign states with at least one capital city whose name begins with “M.” Papua New Guinea No
100%
capitals of a U.S. state whose name begins with “D.” Saint Paul No
100%
five of the largest islands on which Indonesia has territory. Seram No
100%
U.S. states whose capital begins with “M.” South Carolina No
100%
sovereign states with at least one capital city whose name begins with “M.” Spain Yes
100%
countries with a coastline on the Gulf of St. Lawrence. Spain No
100%
five of the largest islands on which Indonesia has territory. Sumatra Yes
100%
countries with a coastline on the Bay (Gulf) of Biscay. United States No
100%
national capitals of a sovereign state whose English language name begins with “M.” Antananarivo Yes
93%
capitals of a U.S. state whose name begins with “D.” Austin No
93%
capitals of a U.S. state whose name begins with “D.” Baton Rouge No
93%
countries with a coastline on the Bay (Gulf) of Biscay. Belgium No
93%
countries with a coastline on the Gulf of St. Lawrence. Denmark No
93%
U.S. states whose capital begins with “M.” Georgia No
93%
U.S. states whose capital begins with “M.” Idaho No
93%
national capitals of a sovereign state whose English language name begins with “M.” Lilongwe Yes
93%
sovereign states with at least one capital city whose name begins with “M.” Maldives Yes
93%
countries with a coastline on the Bay (Gulf) of Biscay. Monaco No
93%
countries with a coastline on the Gulf of St. Lawrence. New Zealand No
93%
countries with a coastline on the Bay (Gulf) of Biscay. Spain Yes
93%
capitals of a U.S. state whose name begins with “D.” Springfield No
93%
five of the largest islands on which Indonesia has territory. Sumbawa No
93%
countries with a coastline on the Gulf of St. Lawrence. United Kingdom No
93%
countries with a coastline on the Gulf of St. Lawrence. Australia No
87%
countries with a coastline on the Gulf of St. Lawrence. Canada Yes
87%
capitals of a U.S. state whose name begins with “D.” Carson City No
87%
sovereign states with at least one capital city whose name begins with “M.” Chad No
87%
capitals of a U.S. state whose name begins with “D.” Dover Yes
87%
U.S. states whose capital begins with “M.” Florida No
87%
semi-autonomous overseas collectivities of France with permanently settled inhabitants. French Southern and Antarctic Lands No
87%
five of the largest islands on which Indonesia has territory. Halmahera No
87%
capitals of a U.S. state whose name begins with “D.” Harrisburg No
87%
countries with a coastline on the Gulf of St. Lawrence. Iceland No
87%
national capitals of a sovereign state whose English language name begins with “M.” Kuala Lumpur Yes
87%
national capitals of a sovereign state whose English language name begins with “M.” Malé Yes
87%
sovereign states with at least one capital city whose name begins with “M.” Marshall Islands Yes
87%
Angolan cities with a population greater than 150,000. Namibe No
87%
countries with a coastline on the Bay (Gulf) of Biscay. Netherlands No
87%
sovereign states with at least one capital city whose name begins with “M.” Nicaragua Yes
87%
countries with a coastline on the Bay (Gulf) of Biscay. Portugal No
87%
U.S. states whose capital begins with “M.” South Dakota No
87%
five of the largest islands on which Indonesia has territory. Sulawesi Yes
87%
countries with a coastline on the Bay (Gulf) of Biscay. United Kingdom No
87%
U.S. states whose capital begins with “M.” Alabama Yes
80%
semi-autonomous overseas collectivities of France with permanently settled inhabitants. French Polynesia Yes
80%
Angolan cities with a population greater than 150,000. Malanje No
80%
East North Central states (per the U.S. Census Bureau). New York No
80%
capitals of a U.S. state whose name begins with “D.” Raleigh No
80%
five of the largest islands on which Indonesia has territory. Timor No
80%
national capitals of a sovereign state whose English language name begins with “M.” Apia No
73%
capitals of a U.S. state whose name begins with “D.” Charleston No
73%
sovereign states with at least one capital city whose name begins with “M.” Equatorial Guinea Yes
73%
East North Central states (per the U.S. Census Bureau). Ohio Yes
73%
national capitals of a sovereign state whose English language name begins with “M.” Skopje No
73%
U.S. states whose capital begins with “M.” Wisconsin Yes
73%
national capitals of a sovereign state whose English language name begins with “M.” Bamako Yes
67%
Angolan cities with a population greater than 150,000. Cuito No
67%
East North Central states (per the U.S. Census Bureau). Illinois Yes
67%
East North Central states (per the U.S. Census Bureau). Indiana Yes
67%
East North Central states (per the U.S. Census Bureau). Iowa No
67%
East North Central states (per the U.S. Census Bureau). Minnesota No
67%
five of the largest islands on which Indonesia has territory. New Guinea Yes
67%
semi-autonomous overseas collectivities of France with permanently settled inhabitants. Saint Pierre and Miquelon Yes
67%
Angolan cities with a population greater than 150,000. Lubango No
60%
East North Central states (per the U.S. Census Bureau). Michigan Yes
60%
U.S. states whose capital begins with “M.” Minnesota No
60%
U.S. states whose capital begins with “M.” Vermont Yes
60%
East North Central states (per the U.S. Census Bureau). Wisconsin Yes
60%
East North Central states (per the U.S. Census Bureau). Pennsylvania No
53%
Angolan cities with a population greater than 150,000. Huambo Yes
47%
semi-autonomous overseas collectivities of France with permanently settled inhabitants. Saint Martin Yes
47%
Angolan cities with a population greater than 150,000. Benguela Yes
40%
semi-autonomous overseas collectivities of France with permanently settled inhabitants. Guadeloupe No
40%
Angolan cities with a population greater than 150,000. Lobito Yes
33%
semi-autonomous overseas collectivities of France with permanently settled inhabitants. Saint Barthélemy Yes
33%
semi-autonomous overseas collectivities of France with permanently settled inhabitants. Wallis and Futuna Yes
33%
semi-autonomous overseas collectivities of France with permanently settled inhabitants. French Guiana No
27%
semi-autonomous overseas collectivities of France with permanently settled inhabitants. Martinique No
27%
countries with a coastline on the Gulf of St. Lawrence. United States No
27%
Angolan cities with a population greater than 150,000. N'dalatando Yes
20%
countries with a coastline on the Gulf of St. Lawrence. France Yes
7%
No matching quizzes found
Score Distribution
Percent of People with Each Score
Percentile by Number Answered
Your Score History
You have not taken this quiz